00474 a2200169 450000100060000002000180000604000370002410000210006124000280008224500230011030000090013336200090014265000240015194200070017595201050018299900170028775357 a9788535629378 cAnchieta - Colégio São Paulo aBelinky, Tatiana10aAgridoce nostalgialpor10aAgridoce nostalgia a[16]0 a2011 4aLiteratura infantil cBK 00104070a88.1b88.1d2023-11-22l0oLI 028.5 B431ap6859/CSPr2023-11-22 14:32:46w2023-11-22yBK c75357d75357